000 00400nam a2200169Ia 4500
008 230524s9999 xx 000 0 und d
020 _a9788188337613
082 _a621.3192
_bMAH
100 _aA.K.Mahapatra
_942081
245 0 _aNetwork Theory
250 _a1
260 _aBoston
_bNew Age Pub
_c2009
300 _a938p;
500 _aQuantity Number: 1
650 _aElectrical
942 _cBK
999 _c56488
_d56488